प्रसाद की नाटकीय पात्रसृष्टि का मनोवैज्ञानिक विश्लेषण / (Record no. 120108)
[ view plain ]
| 000 -LEADER | |
|---|---|
| fixed length control field | 01262nam a22002537a 4500 |
| 005 - DATE AND TIME OF LATEST TRANSACTION | |
| control field | 20170124103153.0 |
| 010 ## - LIBRARY OF CONGRESS CONTROL NUMBER | |
| LC control number | 953127 |
| 020 ## - INTERNATIONAL STANDARD BOOK NUMBER | |
| Terms of availability | 35.00 |
| 035 ## - SYSTEM CONTROL NUMBER | |
| System control number | 953127 |
| 037 ## - SOURCE OF ACQUISITION | |
| Source of stock number/acquisition | Cen Lib/Ret |
| 040 ## - CATALOGING SOURCE | |
| Original cataloging agency | DPL |
| Language of cataloging | HN |
| 082 ## - DEWEY DECIMAL CLASSIFICATION NUMBER | |
| Classification number | 822.08 |
| Item number | शर्मारा |
| 100 ## - MAIN ENTRY--PERSONAL NAME | |
| Personal name | शर्मा, राधेश्याम |
| 9 (RLIN) | 88573 |
| 245 ## - TITLE STATEMENT | |
| Title | प्रसाद की नाटकीय पात्रसृष्टि का मनोवैज्ञानिक विश्लेषण / |
| Statement of responsibility, etc | राधेश्याम शर्मा |
| 246 ## - VARYING FORM OF TITLE | |
| Title proper/short title | Prasad ki natkeey patrsrishti ka manovaigyanik vishleshan / |
| Remainder of title | by Radheshyam Sharma |
| 260 ## - PUBLICATION, DISTRIBUTION, ETC. (IMPRINT) | |
| Place of publication, distribution, etc | जयपुर |
| Name of publisher, distributor, etc | चिन्मय प्रकाशन |
| Date of publication, distribution, etc | 1979 |
| 270 ## - ADDRESS | |
| Address | चौड़ारास्ता |
| City | जयपुर |
| Postal code | 302003 |
| 300 ## - PHYSICAL DESCRIPTION | |
| Extent | iii,240पृ. |
| Dimensions | 20सेमी(सजिल्द) |
| 650 ## - SUBJECT ADDED ENTRY--TOPICAL TERM | |
| Topical term or geographic name as entry element | हिन्दी -- साहित्य |
| 9 (RLIN) | 88574 |
| 650 ## - SUBJECT ADDED ENTRY--TOPICAL TERM | |
| Topical term or geographic name as entry element | हिन्दी -- प्रसाद का नाटक -- मनोवैज्ञानिक विश्लेषण |
| 9 (RLIN) | 88575 |
| 650 ## - SUBJECT ADDED ENTRY--TOPICAL TERM | |
| Topical term or geographic name as entry element | Hindi literature |
| 9 (RLIN) | 88576 |
| 650 ## - SUBJECT ADDED ENTRY--TOPICAL TERM | |
| Topical term or geographic name as entry element | Hindi - Prasad's play - psychological analysis |
| 9 (RLIN) | 88577 |
| 942 ## - ADDED ENTRY ELEMENTS (KOHA) | |
| Source of classification or shelving scheme | Dewey Decimal Classification |
| Koha item type | Hindi Books |
| Classification part | 822.08 |
| Call number suffix | शर्मारा |
| Withdrawn status | Lost status | Damaged status | Not for loan | Home library | Current library | Date acquired | Source of acquisition | Cost, normal purchase price | Total Checkouts | Full call number | Barcode | Date last seen | Copy number | Cost, replacement price | Price effective from | Koha item type |
|---|---|---|---|---|---|---|---|---|---|---|---|---|---|---|---|---|
| Central Library | Central Library | 21/09/2015 | Cen Lib/Ret | 35.00 | 822.08 शर्मारा | 953127 | 21/09/2015 | 1 | 35.00 | 21/09/2015 | Hindi Books |
